Word Ladder: NBA All-Star Weekend Quiz Stats

 Plays Quiz Updated Dec 21, 2018

Support Sporcle.
Go Orange.
Score 0/20 Timer 02:00
4 Plays Today
% Correct
DUCK
94.4%
DECK
92.6%
BEAK
88.6%
SEND
86.5%
DUNK
85.8%
CLAM
85%
CRAM
84.8%
BEND
83.5%
BECK
82.9%
BETS
81.6%
% Correct
WEBS
81.1%
BEAM
78.1%
SLAM
77.9%
BRAM
77.7%
BENS
76.2%
WETS
72%
SPED
59.1%
WEBB
58.6%
SEED
56.6%
SPUD
47.6%

Today's Daily Dose

From the Vault

Star Maze!

by AuroraIllumina

Usually, seeing stars is a bad thing.
Remove Ads.
Support Sporcle.
Get the best of Sporcle when you Go Orange. This ad-free experience offers more features, more stats, and more fun while also helping to support Sporcle. Thank you for becoming a member.

Show Comments

Extras

Top Quizzes Today


Score Distribution

Your Account Isn't Verified!

In order to create a playlist on Sporcle, you need to verify the email address you used during registration. Go to your Sporcle Settings to finish the process.

Report this User

Report this user for behavior that violates our Community Guidelines.

Details: